Mystery Taylor Swift Song #127 - Statistics

General Stats
  • This quiz has been taken 228 times
  • The average score is 61 of 139
Answer Stats
Song % Correct
Single
91%
I
87%
love
81%
the
81%
you
81%
A
80%
me)
78%
me
78%
your
76%
in
73%
on
73%
to
73%
and
72%
I'm
72%
you're
72%
When
71%
of
70%
that
68%
for
67%
No
67%
is
65%
so
64%
All
63%
(all
63%
all
63%
It's
63%
But
62%
like
62%
can
61%
I've
60%
not
60%
one
60%
know
58%
(ooh)
58%
they
58%
loved
57%
are
56%
say
56%
time
56%
We're
56%
Every
55%
Now
55%
think
55%
before
53%
how
53%
mine
53%
girls
51%
more
51%
up
51%
wanna
51%
why
51%
just
50%
Made
47%
need)
47%
need
47%
out
47%
with
47%
knew
46%
nights
46%
way
46%
All of the Girls You Loved Before
44%
some
44%
"Baby"
42%
call
42%
fallen
42%
end
40%
heart
40%
thankful
40%
(dead
38%
dead
38%
street)
38%
street
38%
there's
38%
good
37%
late
37%
over
37%
forever
36%
(straight
36%
straight
36%
here
35%
Led
35%
phone
35%
someone
34%
around
33%
everything
33%
fights
33%
hands
33%
remember
33%
feels
32%
into
31%
lady
31%
lines
31%
name
31%
Treat
31%
Whose
31%
alone
30%
kind
30%
parallel
30%
brought
29%
goodbye
29%
mother
29%
taught
29%
cannot
28%
Crying
28%
feeling
28%
handwriting
28%
intertwined
28%
Lame
28%
past
28%
someone's
28%
teach
28%
town
28%
woman
28%
dude
27%
Teenage
27%
bathroom
26%
drawn
26%
home
26%
loyal
26%
saying
26%
morning
25%
Wake
25%
aligned
24%
amazing
24%
Fake
24%
Holding
24%
killing
24%
one's
24%
Stars
24%
without
24%
sixteen
23%
wild
23%
Leave
21%
sneaking
21%
making
20%
breaking
19%
makeup
17%
Secret
17%
jokes
16%
No matching quizzes found
Score Distribution
Percent of People with Each Score
Percentile by Number Answered
Your Score History
You have not taken this quiz